| 000 | 00508nam a2200169Ia 4500 | ||
|---|---|---|---|
| 003 | GCL | ||
| 008 | 140319s9999 xx 000 0 ara d | ||
| 040 |
_aGCL / _cGCL |
||
| 082 | 0 | 4 |
_a416 _bم ر |
| 100 | 1 | _aمحمد ابوالفضل بدران | |
| 245 | 1 | 0 |
_aرؤى عروضية : محاولة نحو تبسيط العروض / _cمحمد ابوالفضل بدران |
| 300 | _a183 ص | ||
| 490 | _a | ||
| 650 | 0 | 4 | _aاللغة العربية |
| 650 | 0 | 4 | _aالعروض والقوافى |
| 942 |
_2ddc _cBK |
||
| 999 |
_c39791 _d39791 |
||